MARC details
| 000 -LEADER |
| campo de control de longitud fija |
02174cam a2200457 a 4500 |
| 001 - NÚMERO DE CONTROL |
| campo de control |
94122 |
| 005 - FECHA Y HORA DE LA ÚLTIMA TRANSACCIÓN |
| campo de control |
20230410105157.0 |
| 008 - DATOS DE LONGITUD FIJA--INFORMACIÓN GENERAL |
| campo de control de longitud fija |
091007s2010 nyuaf b 001 0 eng c |
| 010 ## - NÚMERO DE CONTROL DE LA BIBLIOTECA DEL CONGRESO |
| Número de control de LC |
2009944216 |
| 035 ## - NÚMERO DE CONTROL DEL SISTEMA |
| Número de control de sistema |
(OCoLC)ocn456171161 |
| 040 ## - FUENTE DE CATALOGACIÓN |
| Centro catalogador/agencia de origen |
BTCTA |
| Centro/agencia transcriptor |
BTCTA |
| Centro/agencia modificador |
YDXCP |
| -- |
KNJ |
| -- |
CPL |
| -- |
ORX |
| -- |
YBM |
| -- |
CDX |
| -- |
VP@ |
| -- |
AFQ |
| 020 ## - NÚMERO INTERNACIONAL ESTÁNDAR DEL LIBRO |
| Número Internacional Estándar del Libro |
9780465020430 (hbk.) |
| 020 ## - NÚMERO INTERNACIONAL ESTÁNDAR DEL LIBRO |
| Número Internacional Estándar del Libro |
0465020437 (hbk.) |
| 029 1# - OTRO NÚMERO DE CONTROL DE SISTEMA (OCLC) |
| Identificador de la biblioteca OCLC |
CDX |
| Número de control de sistema |
11160411 |
| 035 ## - NÚMERO DE CONTROL DEL SISTEMA |
| Número de control de sistema |
(OCoLC)456171161 |
| 050 14 - SIGNATURA TOPOGRÁFICA DE LA BIBLIOTECA DEL CONGRESO |
| Número de clasificación |
D 843 |
| Número de ítem |
S879a 2010 |
| 082 00 - NÚMERO DE LA CLASIFICACIÓN DECIMAL DEWEY |
| Número de clasificación |
909.82/5 |
| 100 1# - ENTRADA PRINCIPAL--NOMBRE DE PERSONA |
| Nombre de persona |
Stone, Norman, |
| Fechas asociadas al nombre |
1941- |
| 245 14 - MENCIÓN DEL TÍTULO |
| Título |
The Atlantic and its enemies : |
| Resto del título |
a personal history of the Cold War / |
| Mención de responsabilidad, etc. |
Norman Stone. |
| 260 ## - PUBLICACIÓN, DISTRIBUCIÓN, ETC. |
| Lugar de publicación, distribución, etc. |
New York : |
| Nombre del editor, distribuidor, etc. |
Basic Books, |
| Fecha de publicación, distribución, etc. |
c2010. |
| 300 ## - DESCRIPCIÓN FÍSICA |
| Extensión |
xix, 668 p., [24] p of plates : |
| Otras características físicas |
ill. ; |
| Dimensiones |
25 cm. |
| 504 ## - NOTA DE BIBLIOGRAFÍA, ETC. |
| Nota de bibliografía, etc. |
Includes bibliographical references (p. 599-604) and index. |
| 505 0# - NOTA DE CONTENIDO CON FORMATO |
| Nota de contenido con formato |
The war of the British succession -- Cold War -- Marshall -- The NATO system -- Communism in China -- The world at the death of Stalin -- Khrushchev -- Europe and the wider world -- Europe 1958 -- the sixties -- Berlin-Cuba-Vietnam -- America in Vietnam -- Nixon in China -- Unraveling -- 1968: a generation -- Atlantic crisis 1974-1979 -- 'The British disease' -- Europe: the Phoenix flops -- The Kremlin consolations -- Reaction -- Atlantic recovery: 'Reagan and Thatcher' -- Reagan -- Brumaire: two coups -- The eighties -- Floreal -- Chichikov -- Restoration -- 'Ending history'. |
| 650 #0 - PUNTO DE ACCESO ADICIONAL DE MATERIA--TÉRMINO DE MATERIA |
| Término de materia o nombre geográfico como elemento de entrada |
Cold War. |
| 650 #0 - PUNTO DE ACCESO ADICIONAL DE MATERIA--TÉRMINO DE MATERIA |
| Término de materia o nombre geográfico como elemento de entrada |
World politics |
| Subdivisión cronológica |
20th century. |
| 651 #0 - PUNTO DE ACCESO ADICIONAL DE MATERIA--NOMBRE GEOGRÁFICO |
| Nombre geográfico |
Europe |
| Subdivisión general |
History |
| Subdivisión cronológica |
20th century. |
| 651 #0 - PUNTO DE ACCESO ADICIONAL DE MATERIA--NOMBRE GEOGRÁFICO |
| Nombre geográfico |
Soviet Union |
| Subdivisión general |
Foreign relations |
| Subdivisión cronológica |
1945-1991. |
| 651 #0 - PUNTO DE ACCESO ADICIONAL DE MATERIA--NOMBRE GEOGRÁFICO |
| Nombre geográfico |
United States |
| Subdivisión general |
Foreign relations |
| Subdivisión cronológica |
1945-1989. |
| 650 #0 - PUNTO DE ACCESO ADICIONAL DE MATERIA--TÉRMINO DE MATERIA |
| Término de materia o nombre geográfico como elemento de entrada |
History, Modern |
| Subdivisión cronológica |
20th century. |
| 650 #0 - PUNTO DE ACCESO ADICIONAL DE MATERIA--TÉRMINO DE MATERIA |
| Término de materia o nombre geográfico como elemento de entrada |
Civilization, Modern |
| Subdivisión cronológica |
20th century. |
| 650 #0 - PUNTO DE ACCESO ADICIONAL DE MATERIA--TÉRMINO DE MATERIA |
| Término de materia o nombre geográfico como elemento de entrada |
War and society. |
| 650 #0 - PUNTO DE ACCESO ADICIONAL DE MATERIA--TÉRMINO DE MATERIA |
| Término de materia o nombre geográfico como elemento de entrada |
Military history, Modern |
| Subdivisión cronológica |
20th century. |
| 650 #4 - PUNTO DE ACCESO ADICIONAL DE MATERIA--TÉRMINO DE MATERIA |
| Término de materia o nombre geográfico como elemento de entrada |
Guerra fría. |
| 650 #4 - PUNTO DE ACCESO ADICIONAL DE MATERIA--TÉRMINO DE MATERIA |
| Término de materia o nombre geográfico como elemento de entrada |
Política mundial |
| Subdivisión cronológica |
1945-1989. |
| 650 #4 - PUNTO DE ACCESO ADICIONAL DE MATERIA--TÉRMINO DE MATERIA |
| Término de materia o nombre geográfico como elemento de entrada |
Historia moderna |
| Subdivisión cronológica |
Siglo XX. |
| 938 ## - |
| -- |
Baker and Taylor |
| -- |
BTCP |
| -- |
BK0008577121 |
| 938 ## - |
| -- |
YBP Library Services |
| -- |
YANK |
| -- |
3165007 |
| 938 ## - |
| -- |
Coutts Information Services |
| -- |
COUT |
| -- |
11160411 |
| 942 ## - ELEMENTOS DE ENTRADA SECUNDARIOS (KOHA) |
| Fuente del sistema de clasificación o colocación |
Clasificación de Library of Congress |
| Tipo de ítem Koha |
|
| 994 ## - |
| -- |
C0 |
| -- |
DRFGD |